| 000 | 01198nam a2200265 a 4500 | ||
|---|---|---|---|
| 001 | nice12345678 | ||
| 003 | IN_TiNIC | ||
| 005 | 20260116011531.0 | ||
| 008 | 050524s1952 newa grp 000 0 eng | ||
| 020 |
_a _c100 |
||
| 082 | 0 | 0 |
_a220.7 _bBUT |
| 100 | _aButtrick, George Arthur | ||
| 245 | _aInterpreter`s Bible | ||
| 260 |
_aNew York _bAbingdon Press _c1952 |
||
| 300 | _a1099p | ||
| 500 | _aincludes index and biblioraphy | ||
| 505 | 2 | _aIndexes to the notes | |
| 505 | 2 |
_aIndexes to the notes00 _gV1. _tInterpreter`s Bible, General Articles on the Bible.-- _gV2. _tLeviticus, Numbers, Deuteronomy, Joshua Judges, Ru.-- _gV3. _tKings, Chronicles, Ezra, Nehemiah, Esther, Job.-- _gV4. _tPsalms: Proverbs.-- _gV5. _tEcclesiastes, Song of Songs, Isaiah, Jeremiah.-- _gV6. _tLamentations, Ezekiel, Twelve Prophets.-- _gV7. _tGeneral Articles on the N.T. Mathew, Mark.-- _gV8. _tLuke, John.-- _gV9. _tActs, Roman.-- _gV 10. _tCorinthians, Galatians, Ephesians.-- _gV 11. _tPhilippians, Golossians, Thessalonians, Pastoral e.-- _gV 12. _tJames, Peter, John, Ju |
|
| 650 | _aBible-Commentaries | ||
| 700 | 1 | _aWalter Russell Bowie | |
| 700 | 1 | _aPaul Scherer | |
| 902 | _bRHR | ||
| 942 | _cBK | ||
| 999 |
_c2401 _d2401 |
||